Introduction to biology / (Record no. 10960)
[ view plain ]
| 000 -LEADER | |
|---|---|
| fixed length control field | 00694nam a22002292 4500 |
| 001 - CONTROL NUMBER | |
| control field | 0000008561 |
| 005 - DATE AND TIME OF LATEST TRANSACTION | |
| control field | 20151217154403.0 |
| 008 - FIXED-LENGTH DATA ELEMENTS--GENERAL INFORMATION | |
| fixed length control field | 080424s xx 000 0 eng d |
| 020 ## - INTERNATIONAL STANDARD BOOK NUMBER | |
| International Standard Book Number | 0719541301 : |
| Terms of availability | KES 1470 |
| 040 ## - CATALOGING SOURCE | |
| Original cataloging agency | KABU |
| Transcribing agency | KABU |
| 100 1# - MAIN ENTRY--PERSONAL NAME | |
| Personal name | Mackean, D. G. |
| -- | 0000159201 |
| 245 10 - TITLE STATEMENT | |
| Title | Introduction to biology / |
| Statement of responsibility, etc. | D. G. Mackean. |
| 250 ## - EDITION STATEMENT | |
| Edition statement | 3rd ed. |
| 260 ## - PUBLICATION, DISTRIBUTION, ETC. (IMPRINT) | |
| Place of publication, distribution, etc. | London : |
| Name of publisher, distributor, etc. | J. Murray, |
| Date of publication, distribution, etc. | 1994. |
| 300 ## - PHYSICAL DESCRIPTION | |
| Extent | 256 p. |
| 650 #0 - SUBJECT ADDED ENTRY--TOPICAL TERM | |
| Topical term or geographic name as entry element | Biology. |
| -- | 0000003707 |
| 852 1# - LOCATION | |
| -- | p2500 KES |
| 908 ## - PUT COMMAND PARAMETER (RLIN) | |
| Put command parameter | 080424 |
| 950 ## - LOCAL HOLDINGS (RLIN) | |
| -- | 1 |
| Withdrawn status | Lost status | Source of classification or shelving scheme | Not for loan | Home library | Current library | Date acquired | Total Checkouts | Total Renewals | Full call number | Barcode | Date last seen | Date last checked out | Price effective from | Koha item type |
|---|---|---|---|---|---|---|---|---|---|---|---|---|---|---|
| Library of Congress Classification | Kabarak, Main Campus | Kabarak, Main Campus | 17/12/2015 | 7 | 1 | QH308.2 .M33 1994 c. 1 | 006723 | 14/11/2023 | 06/11/2023 | 17/12/2015 | General Collection | |||
| Library of Congress Classification | Kabarak, Main Campus | Kabarak, Main Campus | 17/12/2015 | 7 | QH308.2 .M33 1994 c. 2 | 006724 | 02/11/2023 | 06/10/2023 | 17/12/2015 | General Collection | ||||
| Library of Congress Classification | Kabarak, Main Campus | Kabarak, Main Campus | 17/12/2015 | 7 | QH308.2 .M33 1994 c. 3 | 21777 | 04/10/2017 | 04/10/2017 | 17/12/2015 | General Collection |